LEADER 01920nam a2200385 a 4500 001 000000125159 003 CaOOAMICUS 005 20110429101940.0 008 110429t2010 sz aof 001 0 ger r 020 $z9783525543658 (Vandenhoeck & Ruprecht)* 020 $z978-3-7278-1681-9 (Academic Press Friburg)* 040 $aPUL$bita 041 0 $ager$aeng 082 04$a220.05 100 1 $aEl Hawary, Amr,$d1974-$0(OLS)http://pul/name/79139 245 10$aWortschöpfung :$bdie Memphitische Theologie und die Siegesstele des Pije, zwei Zeugen kultureller Reprasentation in der 25. Dynastie / $cAmr El Hawary. 260 $aFribourg :$bAcademic Press ;$aGöttingen :$bVandenhoeck & Ruprecht,$c©2010. 300 $aXII, 499, xxiv p., [1] c. di tav. ripieg. :$bill., fotogr. ;$c24 cm. 490 1 $aOrbis biblicus et orientalis ;$v243 500 $aInclude indice. 504 $aBibliografia: p. 460-485. 546 $a"Summary" in inglese. 651 4$aEgitto$xArte$xArcheologia.$0(OLS)http://pul/subject/36307 830 0$aOrbis biblicus et orientalis ;$v243.$0(OLS)http://pul/title/14045 850 $aPUL 852 $aPUL$W1$xSL Religione 3$y85$m220. 05 COLL 1.243$j144084$qDDC 21$B143141$CPULBib$Z2$F143141 $H115949 $82 941 1 $a9 983 0$aOBO. 996 $6020$z9783525543658 (Vandenhoeck & Ruprecht)*$9(OLS)http://pul/number/147008 996 $6020$z978-3-7278-1681-9 (Academic Press Friburg)*$9(OLS)http://pul/number/147009 996 $6082$a220.05$9(OLS)http://pul/classification/282 996 $6245$aWortschöpfung :$bdie Memphitische Theologie und die Siegesstele des Pije, zwei Zeugen kultureller Reprasentation in der 25. Dynastie / $9(OLS)http://pul/title/157785 996 $6260$aFribourg :$bAcademic Press$9(OLS)http://pul/publisher/75910 996 $6260$aGöttingen :$bVandenhoeck & Ruprecht$9(OLS)http://pul/publisher/47973 LEADER 01115nam a2200265 4500 001 000000170821 003 CaOOAMICUS 005 20181128151525.0 008 181128s1963 it 000 u ita r 032 $aLibriCat 040 $aPUL$bita 100 1 $aLocatelli, Carlo.$0(OLS)http://pul/name/109859 245 10$aDio e il miracolo conoscibili al di là della scienza /$cAldo Locatelli. 260 $aVenegono Inferiore :$bLa Scuola Cattolica,$c1963. 300 $a325 p. ;$c24 cm. 502 $aTesi -- Pontificia Facultas Theologica, 1963. 504 $aBibliografia in nota. 650 04$aMiracoli.$0(OLS)http://pul/subject/8873 710 2 $aPontificia Facoltà teologica di Milano.$kTesi.$0(OLS)http://pul/name/109856 850 $aPUL 852 $aPUL$W1$xDP1 Tesi Varie$y51$mTH VAR 280$j193956$qTesi$B199323$CPULBib$Z2$F199323 $H23383 $81 941 1 $a16 996 $6245$aDio e il miracolo conoscibili al di là della scienza$9(OLS)http://pul/title/211652 996 $6260$aVenegono Inferiore :$bLa Scuola Cattolica$9(OLS)http://pul/publisher/56961